| 000 | 02100cam a22004934i 4500 | ||
|---|---|---|---|
| 003 | PE-LiUPU | ||
| 005 | 20250731172819.0 | ||
| 008 | 150617s1965 nyu rb 000 0 eng d | ||
| 020 | _a0687133394 | ||
| 020 | _a9780687133390 | ||
| 035 | _a(Sirsi) a13939 | ||
| 040 |
_aPE-LiUPU _bspa _cPE-LiUPU _erda |
||
| 049 | _aPRUA | ||
| 082 | 0 | 4 |
_a262.1 _bL67 _221 |
| 100 | 1 |
_aLindgren, Alvin J., _eautor. |
|
| 245 | 1 | 0 |
_aFoundations for purposeful church administration / _cAlvin J. Lindgren. |
| 264 | 1 |
_aNew York : _bAbingdon Press, _c1965. |
|
| 300 |
_a302 páginas ; _c24 centímetros |
||
| 336 |
_atext _2rdacontent |
||
| 337 |
_aunmediated _2rdamedia |
||
| 338 |
_avolume _2rdacarrier |
||
| 504 | _aIncluye bibliografía. | ||
| 505 | 0 | _aChurch administration and the contemporary scene -- Church administration and the nature of the church -- The nature and mission of the church -- A concept of purposeful church administration -- Build a spiritual foundation through worship and study -- Establish redemptive interpersonal relationships. -Provide for the creative functioning of small groups in the church -- Equip laymen for leadership and service in the church's ministry to the world -- Strengthen the church by coordinated comprehensive planning -- Utilize all available resources. | |
| 526 | _aSEG42 | ||
| 526 | _aSEG41 | ||
| 526 | _aSEG40 | ||
| 526 | _aSEG39 | ||
| 526 | _aP94 | ||
| 526 | _aP87 | ||
| 526 | _aP86 | ||
| 526 | _aP85 | ||
| 526 | _aP77 | ||
| 526 | _aP76 | ||
| 526 | _aP35 | ||
| 650 | 0 | 4 |
_aIglesia _xAdministración. |
| 910 |
_ajck _bjvq _cjck _d20150616 |
||
| 910 |
_adbm _bncf _cncf _d20190605 |
||
| 942 |
_2ddc _cBOOK |
||
| 949 |
_a262.1 L67 _wDEWEY _c1 _i18494 _lCCODEBUL1 _mBUL _p00.00 _r0 _sY _tBOOK _u19940304 _xTEOLOGIA _PP35 _0COMPRA _o.STAFF. Colección Teología |
||
| 994 |
_aC0 _bPEPRU |
||
| 596 | _a1 | ||
| 999 |
_a262.1 L67 _wDEWEY _c4361 _i18494 _f2021-11-10 _g6 _lCCODEBUL1 _mBUL _p25.70 _r0 _sY _tBOOK _u2015-6-17 _xTEOLOGIA _PP35 _0COMPRA _o.STAFF. Colección Teología _d4361 |
||
| 980 |
_81 _gALBERTO SANCHEZ Responsable de Automatización |
||